Central Library OPAC University of Rajshahi

Europe : (Record no. 26571)

MARC details
000 -LEADER
fixed length control field 00820nam a22002771 4500
001 - CONTROL NUMBER
control field 26571
003 - CONTROL NUMBER IDENTIFIER
rucl marc code BD-RjUL
005 - DATE AND TIME OF LATEST TRANSACTION
control field 20211209051032.0
008 - FIXED-LENGTH DATA ELEMENTS--GENERAL INFORMATION
fixed length control field 140322r19711965enka 001 0 eng
035 ## - SYSTEM CONTROL NUMBER
System control number (BD-RjUL)26641
System control number (OCoLC)9213030
040 ## - CATALOGING SOURCE
Original cataloging agency DLC
Transcribing agency ICarbS
Modifying agency Uk
-- DLC
-- BD-RjUL
Language of cataloging eng
041 ## - LANGUAGE CODE
Language code of text/sound track or separate title eng
082 ## - DEWEY DECIMAL CLASSIFICATION NUMBER
Classification number 914
Author mark and year MOE 1971
100 1# - MAIN ENTRY--PERSONAL NAME
Personal name Monkhouse, Francis John.
9 (RLIN) 70980
245 10 - TITLE STATEMENT
Title Europe :
Remainder of title a geographical survey /
Statement of responsibility, etc. Francis John Monkhouse.
250 ## - EDITION STATEMENT
Edition statement 3rd ed.
260 ## - PUBLICATION, DISTRIBUTION, ETC. (IMPRINT)
Place of publication, distribution, etc. London :
Name of publisher, distributor, etc. Longmans,
Date of publication, distribution, etc. c1965 [Reprinted 1971].
300 ## - PHYSICAL DESCRIPTION
Pagination vii, 352 p. :
Illustrations ill., maps, profiles. ;
Size 19 cm.
490 0# - SERIES STATEMENT
Series statement Geographies: a certificate series
504 ## - BIBLIOGRAPHY, ETC. NOTE
Bibliography, etc Includes index.
651 #0 - SUBJECT ADDED ENTRY--GEOGRAPHIC NAME
Geographic name Europe
General subdivision Description and travel.
9 (RLIN) 65724
942 ## - ADDED ENTRY ELEMENTS (KOHA)
Source of classification or shelving scheme Dewey Decimal Classification
Koha item type Books
Holdings
Lost status Source of classification or shelving scheme Damaged status Not for loan Collection code Permanent Location Current Location Shelving location Date acquired Source of acquisition Cost, normal purchase price Total Checkouts Full call number Date last seen Copy number Koha item type
  Dewey Decimal Classification   Added to bundle Non-fiction Central Library, University of Rajshahi Central Library, University of Rajshahi Reading Room 04/04/1973 Mullik brother 20.25   914 MOE 1971 22/03/2014 C-1 Books